| 000 | 00858cam a2200253 i 4500 | ||
|---|---|---|---|
| 001 | 8581 | ||
| 003 | Mx-PuUPA | ||
| 005 | 20250618122358.0 | ||
| 008 | 140415s2023 mx a gr 000 0 spa d | ||
| 020 | _a9786075963815 | ||
| 040 |
_aMx-PuUPA _bspa _cMx-PuUPA _dMx-PuUPA _erda |
||
| 041 | _aspa | ||
| 245 | 0 | 0 |
_aLa segunda transformación de México : _banálisis filosófico del siglo XIX y la reforma / _cLuis Bazet, editor |
| 250 | _aPrimera edición | ||
| 264 | 1 |
_aCiudad de México : _bLAMBDA Editorial, _c2023 |
|
| 300 |
_a180 páginas : _bilustraciones ; _c23 cm |
||
| 336 |
_2rdacontent _atexto _btxt |
||
| 337 |
_2rdamedia _asin medio _bn |
||
| 338 |
_2rdacarrier _avolumen _bnc |
||
| 650 | 7 |
_2armarc _913986 |
|
| 942 |
_2ddc _cLI _hxx _ixx |
||
| 999 |
_c8581 _d8581 |
||